[Event "Linares"]
[Site "Linares, Spain"]
[Date "2000.03.04"]
[Round "5"]
[White "Kramnik"]
[Black "Shirov"]
[Result "1-0"]
[WhiteElo "2758"]
[BlackElo "2751"]
[Annotator "GM Einar Gausel/Mindzine"]

1.Nf3 d5 2.d4 c6 3.c4 Nf6 4.Nc3 dxc4 5.a4 Bf5 6.Ne5 e6 7.f3 Bb4 8.e4 Bxe4 {This 
sacrifice is more or less forced, since the bishop will be doing absolutely 
nothing on g6.} 9.fxe4 Nxe4 10.Bd2 {A well known drawing line is: 10.Qf3 Qxd4 
11.Qxf7+ Kd8 12.Bg5+! Nxg5 13.Qxg7 Bxc3+ 14.bxc3 Qxc3+ 15.Ke2 Qc2+ 16.Ke1 Qc3+ 
etc.} 10...Qxd4 11.Nxe4 Qxe4+ 12.Qe2 Bxd2+ 13.Kxd2 Qd5+ 14.Kc2 Na6 15.Nxc4 b5?! 
{This whole variation is probably poorly suited for a player like Shirov, who's 
natural inclination is to attack. The text, which seriously weakens Black's 
structure, definitely makes it easier for White to find targets for his pieces.}
16.axb5 Nb4+ 17.Kc3 cxb5 18.Rd1 {This forces an ending which seems clearly 
favourable for White. } 18...Qc5 19.Qe5 Nd5+ 20.Rxd5 b4+ 21.Kb3 Qxd5 22.Be2 0-0 
23.Qxd5 exd5 24.Na5 Rfe8 25.Bf3 {Superficially it would seem like Black is 
doing OK, as he currently has a rook and three pawns for bishop and knight. 
However, his queenside pawns are extremely weak, and White's plan is simply to 
mop them up and queen his b-pawn.} 25...Rac8 26.Rd1 Re3+ 27.Ka4 b3 28.Rxd5 g6 
29.Rd7 Rc2 30.Ka3 Kg7 31.Rxa7 h5 32.h3 h4 33.Rb7 Rc5 34.Kb4 Rf5 35.Rc7 g5 
36.Nxb3 {All that remains now, is to get the b-pawn rolling.} 36...Rf4+ 37.Rc4 
Rxc4+ 38.Kxc4 f5 39.Nd4 Kf6 40.b4 Re1 41.b5 Ke5 42.Nc6+ Kd6 43.b6 Rc1+ 44.Kb5 
g4 45.b7 Rb1+ 46.Nb4 Kc7 47.hxg4 fxg4 48.Be4 {Resigns. 48.Be4 h3 49.gxh3 gxh3 
50.Ka4 (50.Bxb1 also wins, of course.) 50...Rb2 51.Ka3 and Black will have to 
play Rxb4.} 1-0

[Event "Linares"]
[Site "Linares, Spain"]
[Date "2000.03.05"]
[Round "6"]
[White "Anand"]
[Black "Leko"]
[Result "1/2-1/2"]
[WhiteElo "2769"]
[BlackElo "2725"]
[Annotator "GM Einar Gausel/Mindzine"]

1.d4 Nf6 2.Nf3 g6 3.c4 Bg7 4.Nc3 d5 5.cxd5 Nxd5 6.e4 Nxc3 7.bxc3 c5 8.Rb1 0-0 
9.Be2 cxd4 10.cxd4 Qa5+ 11.Bd2 {Practice has shown that sacrificing the a-pawn 
is the only way to play for an advantage.} 11...Qxa2 12.0-0 Nd7 {Attacking 
White's centre with 12...Bg4 is more usual, but Leko seems to have prepared 
Nd7 very carefully at home.} 13.Re1 Nb6 14.Ra1 Qb2 15.h3 f5!? {Play now becomes 
extremely sharp, as Black plays for full control over the central white 
squares.} 16.Rb1 Qa2 17.Qc1 {Threatening Rxb6! followed by Bc4+.} 17...Kh8 
18.Ra1 Qg8 19.Ba5 fxe4!? {The less complicated 19...Be6 deserved serious 
attention.} 20.Bxb6 exf3 21.Bxf3 Bxh3 22.Rxa7 {Leko now sets the board on fire.}
22...Bxg2! 23.Kxg2 {23.Bxg2 was bad because of 23...Rxa7 24.Bxa7 Qa2 25.Bc5 
Qxf2+ 26.Kh1 Rf5 with the decisive threat Rh5+.; 23.Rxa8 was also very 
dangerous, as Black gets two pawns and attacking chances for the exchange 
after 23...Bxf3 24.Rxf8 Qxf8} 23...Qb3 {Hitting both bishops.} 24.Qd1 Qxb6 
25.Rxb7 Qf6 26.Rexe7} It may look as though Anand has won the struggle for the 
initiative, but Leko comes up with an effective rebuttal.} 26...Ra1! 27.Rxg7! 
Rxd1 28.Rxh7+ Kg8 29.Bd5+ Rf7 30.Rbxf7 Qg5+ 31.Kh3 Qxd5 32.Rhg7+} draw. A 
spectacular finish, wouldn't you say?} 1/2-1/2

[Event "Linares"]
[Site "Linares, Spain"]
[Date "2000.03.07"]
[Round "7"]
[White "Kasparov"]
[Black "Khalifman"]
[Result "1/2-1/2"]
[WhiteElo "2851"]
[BlackElo "2656"]
[Annotator "GM Einar Gausel/Mindzine"]

1. e4 e6 2. d4 d5 3. Nc3 Bb4 4. e5 c5 5. a3 Ba5 6. Bd2 Nc6 7. Qg4 ({
A fresh attempt - the normal line being} 7. Nb5) 7... Kf8 8. dxc5 Nxe5 9. Qg3 {
Black has a nice central majority, but White is banking on his superior piece
coordination. Black's main problem will be developing his kingside.} 9... Ng6
10. O-O-O Nf6 11. f3 Bd7 12. Nge2 Bc7 13. Qf2 b6 14. Be3 Ne7 15. g4 bxc5 {
A very sensible decision. Khalifman is trying to unravel by simplifying.} 16.
Bxc5 Bb6 17. h4 Bxc5 18. Qxc5 Qb6 19. Qxb6 axb6 20. Bh3 {I wasn't very
impressed with White's position at this point, but it soon becomes clear that
Kasparov has a little something.} 20... Ne8 $6 ({
A strange retreat indeed. After the game, Kasparov suggested} 20... h6 {
with the idea} 21. f4 $6 h5 $1 22. g5 Ng4 {and Black is doing fine.}) 21. f4 h5
22. g5 g6 {White was probably threatening f4-f5, undermining d5. The downside
of Khalifman's move is that it paralyses his kingside pawn majority.} 23. Nd4
Kg7 24. Nf3 Nc7 25. Ne5 Rhd8 26. Ne2 Nc6 27. Nd4 Nxd4 28. Rxd4 Be8 29. Rhd1 ({
Kasparov was very critical of this move and suggested} 29. Bf1 {
as a clear improvement. The idea is to bring Rh1 into the game via h3 and c3.})
29... Rdc8 30. Bf1 Kf8 31. Rb4 b5 32. Rbd4 Na6 33. Bd3 Nc5 34. Kd2 Nb7 35. Ra1
Ra7 36. Re1 Nd6 37. c3 Nc4+ 38. Kc1 Na5 39. Bc2 Nc6 40. Nxc6 Bxc6 41. Kd2 Bd7 {
If White were able to swap both pairs of rooks, the bishop ending would be an
easy win, but unfortunately for him he has no way of forcing exchanges.} 42.
Rb4 Rca8 43. Bd3 Ra5 44. Re3 Bc6 45. Rd4 Bd7 46. Rb4 Bc6 47. Bc2 Bd7 48. Bb3
Bc6 49. Rd4 R5a7 50. Bc2 Bd7 51. Bd1 Bc6 52. Bf3 Ra4 53. Bd1 R4a7 54. Bb3 Ra5
55. Re5 Rd8 {Draw agreed.} 1/2-1/2

[Event "Linares"]
[Site "Linares, Spain"]
[Date "2000.03.07"]
[Round "7"]
[White "Leko"]
[Black "Shirov"]
[Result "1/2-1/2"]
[WhiteElo "2725"]
[BlackElo "2751"]
[Annotator "GM Einar Gausel/Mindzine"]

1. c4 e5 2. g3 Nf6 3. Bg2 Nc6 4. Nc3 g6 5. e3 Bg7 6. Nge2 h5 7. h3 d6 8. d4 Bd7
9. d5 Na5 10. Qd3 O-O 11. e4 ({Trapping the seemingly stranded knight with} 11.
b4 {was tempting, but Black escapes with} 11... e4 12. Nxe4 (12. Bxe4 Nxe4 13.
Qxe4 Bf5 14. Qf4 Be5 15. Qf3 Nxc4) 12... Nxe4 13. Rb1 Nxc4) 11... c5 12. dxc6
Nxc6 13. Bg5 (13. Qxd6 Nd4 14. Nxd4 exd4 15. Nd5 Re8 16. Nxf6+ Bxf6 17. O-O Bc6
18. Qxd8 Raxd8 19. f3 d3 {and Black has superb compensation for the pawn. In
fact, he's probably clearly better.}) 13... Be6 14. Nd5 Qa5+ 15. Bd2 Qa6 16.
Nxf6+ Bxf6 17. b3 h4 18. O-O (18. Qxd6 Rad8 19. Qc5 Be7 20. Qb5 Qxb5 21. cxb5
Nb4 {and White is in big trouble.}) 18... hxg3 $2 {A very strange decision
which makes it much easier for White to generate play on the kingside.} 19.
fxg3 Bg7 20. g4 Rab8 21. a4 Na5 22. Rf2 Qb6 23. Rb1 a6 24. Ng3 f6 25. Bf3 {
White's main objective is to get something going on the kingside with h4-h5.}
25... Nc6 26. Kg2 Qd4 27. Qf1 b5 {
This thematic break is the only way in which to create counterplay.} 28. cxb5
axb5 29. axb5 Nb4 30. Bxb4 Qxb4 31. h4 Qxb5 32. Qh1 Bh6 33. h5 Qe8 34. b4 Be3 {
Black needs to get his bishop active before closing the kingside.} 35. Rc2 g5
36. Qd1 Qa4 37. Be2 Bd4 (37... Bb3 $2 {runs into} 38. Rxb3 $1 Qxb3 39. Bc4+)
38. Bc4 $1 {Trading off the white-squared bishops gives the knight a wonderful
outpost on f5.} 38... Bxc4 39. Rxc4 Qxd1 40. Rxd1 Ra8 41. Nf5 $6 ({
More accurate was} 41. Rdc1 Ra2+ 42. R1c2 {
denying Black any form of counterplay.}) 41... Ra2+ 42. Kh1 Re2 43. Rdc1 $2 ({
After} 43. Nxd6 {White is a safe pawn up and should be winning. If Black tries}
43... Rd8 {then White can exchange a pair of rooks with} 44. Rdc1 $1 {
(intending Rc8), as} 44... Rxd6 $4 {loses to} 45. Rc8+ Kf7 (45... Kh7 46. R1c7+
Kh6 47. Rh8#) 46. R1c7+ Ke6 47. Re8#) 43... Rxe4 44. Rc8 (44. Rc7 Ra8 45. Rg7+
Kh8 46. Rcc7 Re1+ {and Black has perpetual check.}) 44... Rxc8 45. Rxc8+ Kh7
46. Rc7+ Kh8 47. Rc8+ Kh7 48. Rc7+ Kh8 49. Nxd6 Rf4 (49... Rxg4 $4 {
loses a whole rook:} 50. Nf7+ Kg7 (50... Kg8 51. Nh6+) 51. Nxe5+) 50. Rd7 Bb6
51. Nc8 Be3 52. Ne7 Rf1+ 53. Kg2 Rf2+ 54. Kg3 e4 $1 55. Ng6+ Kg8 56. h6 {
White is now threatening both Rg7 mate and h7 mate, but Black has all the
counterplay he needs.} 56... Rf3+ {Draw.} ({
There's no sensible way of avoiding perpetual check after} 56... Rf3+ 57. Kg2
Rf2+ {, since} 58. Kg1 $4 {runs into} 58... Rd2+ 59. Kf1 Rxd7) 1/2-1/2

[Event "Linares"]
[Site "Linares, Spain"]
[Date "2000.03.07"]
[Round "7"]
[White "Anand"]
[Black "Kramnik"]
[Result "1/2-1/2"]
[WhiteElo "2769"]
[BlackElo "2758"]
[Annotator "GM Einar Gausel/Mindzine"]

1. e4 e5 2. Nf3 Nf6 {Oh joy, another Petroff.} 3. Nxe5 d6 4. Nf3 Nxe4 5. d4 d5
6. Bd3 Nc6 7. O-O Be7 8. c4 Nb4 9. cxd5 Nxd3 10. Qxd3 Qxd5 11. Re1 Bf5 12. Ne5
g6 13. f3 (13. g4 {is clearly bad:} 13... Bh4 $1 {#} 14. Re2 Bxf2+ 15. Rxf2
Nxf2 16. Qe3 Bxb1 17. Nxg6+ Be4 18. Nxh8 Nxg4 19. Qc3 Qd6 20. Qd2 f5 21. h3 $2
Qg3+ {and White resigned in Rogulj-Forintos, 1997.}) 13... Nf6 14. Qe3 {
Threatening Nxg6 with total devastation, but Black has time to evacuate.} 14...
O-O-O 15. Nc3 ({The only try for an advantage, as} 15. Nxf7 {
leads to absolutely nothing:} 15... Qxf7 16. Qxe7 Qxe7 17. Rxe7 Rxd4 {
and Black has achieved total equality.}) 15... Qxd4 16. Qxd4 Rxd4 17. Be3 ({
Anand ignores the pawn and concentrates on harassing the rook. Black seems to
be completely OKafter} 17. Nxf7 Re8) 17... Rb4 18. b3 Be6 {
Securing the extra pawn, but the rook on b4 is in trouble.} 19. Bf2 $1 (19. Nd3
Rd8 $1 20. Nxb4 Bxb4 21. Rec1 Bxc3 (21... Rd3 22. Nd1) 22. Rxc3 Nd5 23. Rd3 Bf5
24. Bg5 f6 {and White is unable to hold the exchange.}) 19... Bd6 {Now Black is
really losing the exchange, but Kramnik has a very solid defensive setup in
mind.} 20. Nd3 Rd8 21. Nxb4 Bxb4 22. Rec1 Bxc3 23. Rxc3 Nd5 24. Rd3 b6 25. Rad1
{draw agreed. White has no way of evicting the knight from d5 and therefore
little hope of making any progress.} 1/2-1/2

[Event "Linares"]
[Site "Linares, Spain"]
[Date "2000.03.08"]
[Round "8"]
[White "Khalifman"]
[Black "Leko"]
[Result "1-0"]
[WhiteElo "2656"]
[BlackElo "2725"]
[Annotator "GM Einar Gausel/Mindzine"]

1. d4 Nf6 2. Nf3 g6 3. c4 Bg7 4. Nc3 d5 5. cxd5 Nxd5 6. e4 Nxc3 7. bxc3 c5 8.
Rb1 O-O 9. Be2 cxd4 10. cxd4 Qa5+ 11. Bd2 Qxa2 12. O-O Bg4 ({
In his round 6 encounter with Anand, Leko obtained a good position with} 12...
Nd7) 13. Bg5 h6 14. Be3 Nc6 ({This theoretical recommendation may actually be
a mistake. After the present game, Black players might have to start
reinvestigating} 14... b6) 15. d5 Ne5 16. Rxb7 e6 17. d6 {
The main question here is whether White's advanced passer is strong or weak.}
17... Rfd8 18. Re1 Bxf3 19. gxf3 Qa5 20. Rf1 {Black was threatening Rxd6.}
20... Bf8 21. d7 Qa2 22. Bb5 $1 {Almost a novelty, but not quite. It turns out
that the Czech grandmaster Peter Haba beat Khalifman to the punch by playing
this move in Cappelle la Grande just a few weeks ago. Theory has probably
disregarded Bb5 because it loses a pawn. White, however, gets massive
compensation.} 22... a6 23. Ba4 Nxf3+ 24. Kg2 Ne5 (24... Nh4+ 25. Kh3 Qc4 26.
f3 Be7 27. Rf2 Qc3 28. Qd4 Qa5 29. Bxh6 Bf8 30. Bxf8 Rxf8 31. Kxh4 Kh7 32. Kh3
{and Black resigned in Haba-Skytte, Cappelle la Grande 2000.}) 25. Bb6 Qc4 26.
Qd4 $1 (26. Bxd8 Qxe4+ 27. f3 Qxb7 28. Bh4 (28. Ba5 Nc4 $1) 28... g5 29. d8=Q
Rxd8 30. Qxd8 gxh4 {and Black is doing fine.}) 26... Qxd4 27. Bxd4 Nd3 28. Bc6
Nc5 29. Rc7 Bd6 (29... Rab8 {is simply answered by} 30. Bf6) 30. Bxc5 Bxc7 31.
Bxa8 Rxa8 32. Be7 Rd8 ({The only try.} 32... Bd8 {loses a piece after} 33. Rc1)
33. Rd1 f5 {
The grim alternative was to passively watch White march his king up the board.}
34. Bxd8 Bxd8 35. exf5 gxf5 36. Rd6 Kf7 37. Rxa6 Ke7 38. Kg3 Bc7+ (38... Kxd7
39. Ra7+ Kd6 40. Rh7 Bg5 41. f4 {is a fairly easy win for White.}) 39. Kh4 Kxd7
40. Ra7 Kc6 {Now the pawn ending is winning.} 41. Rxc7+ $1 Kxc7 42. Kh5 e5 43.
Kxh6 Kd6 44. Kg5 Ke6 45. h4 f4 46. h5 f3 47. Kg4 Kd5 {
and Leko resigned before Khalifman could push his h-pawn.} 1-0

[Site "Linares, Spain"]
[Date "2000.03.08"]
[Round "8"]
[White "Shirov"]
[Black "Anand"]
[Result "1/2-1/2"]
[WhiteElo "2751"]
[BlackElo "2769"]
[Annotator "GM Einar Gausel/Mindzine"]

1. e4 e5 2. Nf3 Nf6 {Anand's only ambition at this stage of the tournament
seems to be surviving without any further losses.} 3. Nxe5 d6 4. Nf3 Nxe4 5. d4
d5 6. Bd3 Nc6 7. O-O Be7 8. c4 Nb4 9. Be2 O-O 10. Nc3 b6 {
Kramnik's novelty from his round 3 encounter with Kasparov.} 11. Ne5 ({
Kasparov gained a small advantage with} 11. a3 {
, but Anand no doubt had an improvement up his sleeve.}) 11... Bb7 12. a3 Nxc3
13. bxc3 Nc6 14. Bf3 Na5 (14... Nxe5 15. dxe5 c6 16. cxd5 cxd5 {
was no great shakes for White, since} 17. c4 {can be answered by} 17... Qc7)
15. c5 $5 c6 (15... bxc5 $2 {
would leave Black's knight stranded and his queenside exposed after} 16. Qa4 c6
17. Rb1) 16. Re1 Bf6 17. Ng4 Bc8 18. cxb6 axb6 19. a4 Nc4 20. Nxf6+ Qxf6 21.
Ba3 Nxa3 22. Rxa3 Be6 23. Qb3 {draw agreed.} ({
White's bishop is somewhat superior after} 23. Qb3 Rfb8 24. a5 bxa5 25. Rxa5
Qd8 26. Rxa8 Rxa8 {
, but Black's only weakness, the pawn on c6, is easily defended.}) 1/2-1/2

[Event "Linares"]
[Site "Linares, Spain"]
[Date "2000.03.08"]
[Round "8"]
[White "Kramnik"]
[Black "Kasparov"]
[Result "1/2-1/2"]
[WhiteElo "2758"]
[BlackElo "2851"]
[Annotator "GM Einar Gausel/Mindzine"]

1. Nf3 Nf6 2. c4 c5 3. g3 d5 4. d4 dxc4 5. Qa4+ Bd7 6. Qxc4 Bc6 7. dxc5 Bd5 8.
Qa4+ Bc6 9. Qc4 Bd5 10. Qc2 e6 11. Bg2 Be4 12. Qc4 Bd5 13. Qh4 Bxc5 14. Nc3 Bc6
15. O-O Be7 $6 ({The developing move} 15... Nbd7 {
looked like the obvious choice.}) 16. Rd1 Qa5 ({The start of a long adventure
for the black queen. White emerges with a strong initiative after} 16... Nbd7
17. Ne5 Bxg2 18. Kxg2 Qc7 19. Nxd7 Qc6+ (19... Nxd7 20. Qa4) 20. f3 Nxd7 21.
Bg5 Bxg5 22. Qxg5 O-O 23. Rac1 {
, since Black's queen and knight are in trouble.}) 17. Bd2 Nbd7 18. g4 $5 h6
19. Qg3 (19. g5 $2 Nh7) 19... Qa6 20. h4 Qc4 21. Bf4 Qb4 22. a3 $5 {
Inviting the queen further into enemy territory.} 22... Qxb2 23. Nd4 g5 24.
Nxc6 $5 ({I think I prefer White after} 24. hxg5 hxg5 25. Bxg5 Bxg2 26. Kxg2 {
, but the situation is far from clear.}) 24... gxf4 25. Qd3 bxc6 26. Bxc6 O-O {
The king wisely vacates the premises.} 27. Bxa8 Ne5 28. Qd4 Rxa8 29. Qxe5 {
White is the exchange up, but his piece coordination is far from ideal.
Kasparov's counterplay appears to be sufficient.} 29... Rc8 30. Rac1 Nd5 $1 31.
Nxd5 ({On the Internet Chess Club, kibitzers were screaming for this move,
claiming that Kasparov had blundered. It turns out, however, that White's king
is unable to hold the fort all by himself. Note that Black's counterplay is
also sufficient after} 31. Rb1 Qxc3 32. Rxd5 Qh3) 31... Qxe5 32. Nxe7+ Kg7 (
32... Kh7 33. Nxc8 Qxe2 34. Nd6 Qxg4+ 35. Kf1 f3 36. Nxf7 Qxh4 37. Ke1 Qe4+ {
also draws.}) 33. Rxc8 Qxe2 34. Rg8+ Kf6 35. Rd7 {White has a clear material
advantage, but the Black queen is strong enough to secure a draw.} 35... Qe1+
36. Kg2 Qe4+ 37. Kh2 Qc2 38. Kg2 Qe4+ 39. Kh2 Qc2 40. g5+ hxg5 41. Rxg5 Qxf2+ {
draw. There's no way out of perpetual check.} 1/2-1/2

[Event "Linares"]
[Site "Linares, Spain"]
[Date "2000.03.09"]
[Round "9"]
[White "Leko"]
[Black "Kasparov"]
[Result "1/2-1/2"]
[WhiteElo "2725"]
[BlackElo "2851"]
[Annotator "GM Einar Gausel/Mindzine"]

1. e4 c5 2. Nf3 d6 3. d4 cxd4 4. Nxd4 Nf6 5. Nc3 a6 6. Be3 Ng4 7. Bg5 h6 8. Bh4
g5 9. Bg3 Bg7 10. h3 Ne5 11. f3 Nbc6 12. Bf2 Be6 13. Qd2 Qa5 {
Black's idea is to prevent White from castling queenside.} 14. Nb3 Bxb3 15.
cxb3 Nb4 (15... O-O 16. O-O-O {was clearly better for White since he'll have
no problems cooking up a storm against Black's exposed kingside. And his king
will be completely safe after Kb1.}) 16. a3 Ng6 17. Rd1 Nc6 18. Nd5 Qxd2+ ({
Forced, since} 18... Qd8 $2 {runs into} 19. Bb6) 19. Rxd2 O-O 20. b4 {
White intends to liquidate his doubled pawn with b4-b5, giving potentially
dangrerous majority on the queenside.} 20... b5 $6 {
This turns out to be very risky indeed!} 21. Nc7 Rab8 22. Nxa6 Rb7 23. Rd5 $2 (
{White could have created more problems with} 23. Rc2 Nge5 24. Kd2 {
, intending Be2 followed by Rhc1. On} 24... Ra8 {he might try} 25. Bxb5 $5 Rxb5
26. Nc7 Rab8 27. Nxb5 Rxb5 28. Rhc1 {
which seems to give very good winning chances with no risk of losing.}) 23...
Na7 24. Bxa7 Rxa7 25. Bxb5 Bxb2 26. O-O (26. a4 Rfa8 {
and Black wins two pieces for a rook.}) 26... Bxa3 27. Rb1 Rc8 28. Bf1 Bc1 {
Black no longer has any problems to speak of, since White can hardly count on
being able to advance his b-pawn.} 29. Rb3 Bf4 30. Rd1 e6 31. b5 Rb7 32. Nb4 h5
33. Kf2 h4 34. Ra3 Rc5 35. Be2 Ne5 36. Rb1 Kg7 37. Rab3 Bg3+ {draw agreed.}
1/2-1/2

[Event "Linares"]
[Site "Linares, Spain"]
[Date "2000.03.09"]
[Round "9"]
[White "Shirov"]
[Black "Kramnik"]
[Result "1/2-1/2"]
[WhiteElo "2751"]
[BlackElo "2758"]
[Annotator "GM Einar Gausel/Mindzine"]

1. e4 c5 {This is definitely the manly choice. If I never see another Petroff
again, it'll be too soon.} 2. Nf3 Nc6 3. d4 cxd4 4. Nxd4 Nf6 5. Nc3 e5 {
Shirov is no stranger to the Sveshnikov as it used to be one of his main
defences to 1.e4.} 6. Ndb5 d6 7. Bg5 a6 8. Na3 b5 9. Bxf6 ({
A more positional approach is} 9. Nd5 Be7 10. Bxf6 {
The text leads to extremely sharp positions where one slip could be fatal.})
9... gxf6 10. Nd5 Bg7 11. Bd3 Ne7 12. Nxe7 Qxe7 13. O-O O-O 14. c4 f5 15. Qf3
Re8 16. Rfe1 {White is finally threatening to take on f5.} 16... b4 17. Nc2 f4
18. Be2 ({White's greed would not pay off after} 18. Nxb4 Rb8 19. Nc6 Qg5 {
, threatening both Bg4 (trapping the queen) and Rxb2.}) 18... Rb8 19. b3 Kh8
20. Qh5 {White wants to trade light-squared bishops, which would give him a
nice, juicy square for his rook on d5.} 20... d5 $1 {A truly amazing concept.
Black pitches a big, fat centre pawn to activate his rook along the sixth rank.
} 21. cxd5 Rb6 22. Rad1 a5 $6 ({
In my opinion, Black would be clearly better after} 22... Rh6 23. Qf3 Qh4 24.
h3 Bf8 {, threatening Bc5 followed by Rg8 with a very dangerous attack.}) 23.
d6 $1 {
Shirov does not want to give Kramnik a second chance to swing the rook over.}
23... Rxd6 24. Rxd6 Qxd6 25. Rd1 ({
I think Black has reasonable compensation for the pawn after} 25. Qxf7 Rd8 {
, but the situation is far from clear.}) 25... Qg6 26. Qxg6 hxg6 27. Bc4 Be6
28. Bxe6 Rxe6 29. Rd5 Rc6 30. Ne1 Rc1 31. Kf1 f5 $1 {
Or else White would simply unpin and be better.} 32. f3 (32. exf5 gxf5 33. Ke2
(33. Rxa5 $2 e4 {followed by Bc3.}) 33... e4 34. Rd1 Rc5 {
and Black's advanced pawns and powerful bishop give him a clear edge.}) 32...
Bf6 33. Kf2 {draw agreed.} (33. Kf2 fxe4 34. fxe4 Bh4+ 35. g3 fxg3+ 36. hxg3
Bxg3+ 37. Kxg3 Rxe1 38. Rxe5 Re2 39. Rxa5 Rxe4 {is a dead draw.}) 1/2-1/2